Top 10 Wigan Athletic Premier League Scorers - Statistics

General Stats
  • This quiz has been taken 64 times
  • The average score is 5 of 11
Answer Stats
Player Goals % Correct
Charles N'Zogbia 15
66%
Hugo Rodallega 24
66%
Jordi Gómez 10
50%
Arouna Koné 11
45%
Emile Heskey 16
45%
Franco Di Santo 13
39%
Emmerson Boyce 11
37%
Henri Camara 20
37%
Ben Watson 10
34%
Amr Zaki 10
29%
Paul Scharner 14
21%
No matching quizzes found
Score Distribution
Percent of People with Each Score
Percentile by Number Answered
Your Score History
You have not taken this quiz